BSOP header

Celebrating the disciplines : (Record no. 25317)

MARC details
000 -LEADER
fixed length control field 00774nam a2200193 4500
008 - FIXED-LENGTH DATA ELEMENTS--GENERAL INFORMATION
fixed length control field 051130s1992 enk b 000 0 eng
020 ## - INTERNATIONAL STANDARD BOOK NUMBER
International Standard Book Number 0340608102 :L6.99
090 ## - LOCALLY ASSIGNED LC-TYPE CALL NUMBER (OCLC); LOCAL CALL NUMBER (OCLC)
Classification number (OCLC) (R) ; Classification number, CALL (RLIN) (NR) BV4501.2
Local cutter number (OCLC) ; Book number/undivided call number, CALL (RLIN) F81ce
-- 1992
100 1# - MAIN ENTRY--PERSONAL NAME
Personal name Foster, Richard J.
245 10 - TITLE STATEMENT
Title Celebrating the disciplines :
Remainder of title a journal workbook to accompany Celebration of discipline /
Statement of responsibility, etc Richard J. Foster & Kathryn A. Yanni.
260 ## - PUBLICATION, DISTRIBUTION, ETC. (IMPRINT)
Place of publication, distribution, etc London :
Name of publisher, distributor, etc Hodder and toughton,
Date of publication, distribution, etc 1992.
300 ## - PHYSICAL DESCRIPTION
Extent xiii, 289 p. ;
Dimensions 20 cm.
504 ## - BIBLIOGRAPHY, ETC. NOTE
Bibliography, etc Includes bibliographical references.
650 #4 - SUBJECT ADDED ENTRY--TOPICAL TERM
Topical term or geographic name as entry element Spiritual exercises.
650 #4 - SUBJECT ADDED ENTRY--TOPICAL TERM
Topical term or geographic name as entry element Spiritual life
General subdivision Christianity.
951 ## - EQUIVALENCE OR CROSS-REFERENCE-GEOGRAPHIC NAME/AREA NAME [OBSOLETE] [CAN/MARC only]
General subdivision 00008886
700 1# - ADDED ENTRY--PERSONAL NAME
Personal name Foster, Richard J.
Title of a work Celebration of discipline.
700 1# - ADDED ENTRY--PERSONAL NAME
Personal name Yanni, Kathryn A.
951 ## - EQUIVALENCE OR CROSS-REFERENCE-GEOGRAPHIC NAME/AREA NAME [OBSOLETE] [CAN/MARC only]
-- 17362
-- BV4501.2/F81ce/1992
-- 070613111530953
-- 2000-12-21
-- GC
Holdings
Withdrawn status Lost status Damaged status Not for loan Home library Current library Shelving location Date acquired Accession number Shelving control number Total Checkouts Full call number Barcode Date last seen Price effective from Koha item type
        BSOP Library BSOP Library GC 12/21/2000 17362 127   BV4501.2/F81ce/1992 00008886 02/23/2013 02/23/2013 Books
BSOP

Biblical Seminary of the Philippines
  All rights Reserved
  © 2024

CONTACT INFORMATION

Biblical Seminary of the Philippines,
  77-B Karuhatan Road, Valenzuela City,
  PHILIPPINES 1441
  Phone: +632 8292-6795 / 8292-6798
  Fax : +632 8292-6675
  Email: library@bsop.edu.ph